Представление документа в формате RUSMARC

ПолеНазваниеЗначение
  Тип записи a
  Библиографический уровень m
001 Контрольный номер RU/SLIB/B/208737590
005 Дата корректировки 20210423111954.8
010 Индекс ISBN __
a ISBN 5-264-00393-9
d Цена 319-60
101 Язык документа 0_
a Язык текста rus
c Язык оригинала rus
200 Заглавие и сведения об ответственности 1_
a Заглавие Эпоха Ельцина
e Сведения, относящиеся к заглавию очерки политической истории
f Первые сведения об ответственности Ю. М. Батурин [и др.]
b Общее обозначение материала Текст
210 Выходные данные 1_
a Место издания М.
c Издательство ВАГРИУС
d Дата издания 2001
215 Физическое описание __
a Объем 816 с.
320 Библиография __
a Библиография Имен. указ.: с. 810-815 с.
330 Аннотация __
a Аннотация В книге отражен период правления Б. Н. Ельцина.
600 Персоналии _1
a Персоналии (Фамилия) Ельцин, Б. Н.
606 Тематические рубрики __
a Основная рубрика История
z Хронологическая подрубрика 20 в.; 1992-1998 гг.
y Географическая подрубрика Россия
606 Тематические рубрики __
a Основная рубрика История России и СССР (октябрь 1917 - 1991 г.)
606 Тематические рубрики __
a Основная рубрика Политика. Политология
606 Тематические рубрики __
a Основная рубрика Внутреннее положение. Внутренняя политика России в целом
610 Ключевые слова 0_
a Ключевые слова политические деятели; августовский путч; президенты; реформы; реформаторы; референдумы; парламенты; Чеченская война; терроризм; импичмент; политики; исторические очерки; новейшая история; персоналии; политический строй
686 Индексы других классификаций __
a Классификационный индекс 63.3(2)634
a Классификационный индекс 66.3(2Рос)
702 Вторичная интеллектуальная ответственность _1
a Фамилия Батурин
b Имя Ю. М.
4 Код отношения Автор
801 Источник записи _0
a Страна RU
b Организация Муниципальное бюджетное учреждение культуры "Централизованная библиотечная система" г. Сургут (Центральная городская библиотека им. А. С. Пушкина)
g Правила каталогизации КиК/Поспелова
801 Источник записи _1
a Страна RU
b Организация Муниципальное бюджетное учреждение культуры "Централизованная библиотечная система" г. Сургут (Центральная городская библиотека им. А. С. Пушкина)
g Правила каталогизации КиК/Поспелова
852 Данные о местонахождении __
j Шифр хранения 63.3(2)634
c Каталожный индекс 63.3(2)635; 66.3(2Рос)
i Авторский знак Э 72
901 Тип документа __
t Тип документа m
903 Характеристики (МАРС) __
a Дата передачи 20030331
990 Данные о заказе (DOS) __
j Количество экземпляров (DOS) 9
t N записи в КСУ для И/У (DOS) 200304